| 000 | 00774nmm a2200229Ia 4500 | ||
|---|---|---|---|
| 008 | 251105s9999||||xx |||||||||||||||||und|| | ||
| 041 | _aspa | ||
| 100 | _aCastilla López, María Ángeles | ||
| 245 | 0 |
_aLatín I : _b 1º Bachillerato |
|
| 264 |
_a[Madrid, España] : _bMinisterio de Educación, Cultura y Deporte de España, _c2010 |
||
| 300 | _a364 páginas | ||
| 490 | _aBachillerato a distancia | ||
| 650 | _aTeen & Young Adult Non Fiction | ||
| 700 | _aCastilla López, María Ángeles | ||
| 700 | 1 | _a Cuadrado Ramos, Elena | |
| 700 | 1 | _a Jiménez Gazapo, Pilar | |
| 700 | 1 | _a Martínez Yagüe, Mariano | |
| 700 | 1 | _a Morillas Gómez, María Mercedes | |
| 700 | 1 | _a Morillo Ruiz, | |
| 856 | _uhttps://public.digitaliapublishing.com/a/14751 | ||
| 942 | _cCF | ||
| 999 |
_c63781 _d63781 |
||